000 01138nkm a2200253 c 4500
003 BLK
005 20180421001914.0
008 180412b bul rap|r|||| r0| ||bulo|
010 _aKNG00061972000
040 _aBLK
041 _aRUS
_cRUS
080 _aПомощни съдебни науки. Съдебна психология. Съдебна химия. Съдебна медицина. Съдебномедицинска експертиза. Експерти, съдебнотехн. и счетовод. експертиза, съдебна токсикология. Вж и 343
_b340.6
_x(075.8)
_z340.6(075.8)
100 1 _aСолохин, А. А.
_eпърви автор
_9122146
139 _aАтлас по судебной медицине
_bА 93
245 1 0 _aАтлас по судебной медицине
_bИзбранные разделы
_cА. А. Солохин.
260 Москва
_bМедицина
_c1981
300 _a264 с.
_c25 см
380 _a3
852 _aЦб Гр А 1654
856 4 _qpdf
_u
856 4 _qpdf
_u
942 _cGRA
_n0
944 _aCR
_c13.06.2004
_kЧиталня
944 _aED
_c13.06.2004
_k
999 _c208836
_d208836